| 000 | 01220nam a2200253Ia 4500 | ||
|---|---|---|---|
| 999 |
_c35831 _d35831 |
||
| 001 | 1722 | ||
| 003 | GE_BSU | ||
| 005 | 20240124103504.0 | ||
| 008 | 181216s2009||||ge |||||||||||||| ||geo|| | ||
| 020 | _a9789941409936 | ||
| 040 | _cGE_BSU | ||
| 041 | _ageo | ||
| 080 | _a515(075.8) დ-15 | ||
| 100 |
_aდავითაძე, ჯუმბერ _921100 |
||
| 245 |
_aმათემატიკური ანალიზის ამოცანათა კრებული : _bფუნქცია, წარმოებული, ინტეგრალი / _cჯუმბერ დავითაძე; [რედ. ჯონდო გვაზავა]. |
||
| 264 |
_aბათუმი : _bშოთა რუსთაველის სახელმწ. უნ-ტი, _c2009. |
||
| 300 |
_a376 გვ. ; _b20 სმ. |
||
| 504 | _a ბიბლიოგრ.: გვ. 372. | ||
| 541 | _h25 ლ. | ||
| 653 | _aმათემატიკური ანალიზის კურსი | ||
| 653 | _aფუნქცია, წარმოებული, ინტეგრალი | ||
| 700 |
_aგვაზავა, ჯონდო _eრედაქტორი _921101 |
||
| 942 |
_cBK _2udc |
||